Underground violence: on the nature of terrorism
Offers a comprehensive conceptual analysis of terrorism, comparing it with competing theories and views on the subject, such as terrorism is killing civilians, or terrorism is a form of violence that relies on the distinction between direct and indirect targets.
| Autores principales: | ; |
|---|---|
| Tipo de documento: | Electrónico Libro |
| Lenguaje: | Inglés |
| Publicado: |
Oxford New York
Oxford University Press
[2024]
|
| En: | Año: 2024 |
| Acceso en línea: |
Índice Volltext (lizenzpflichtig) |
| Verificar disponibilidad: | HBZ Gateway |
| Pedido de libro: | Enviar el pedido |
| Servicio de pedido Subito: | Pedir ahora. |
| Palabras clave: | |
| Parallel Edition: | No electrónico
|
MARC
| LEADER | 00000cam a2200000 c 4500 | ||
|---|---|---|---|
| 001 | 189598405X | ||
| 003 | DE-627 | ||
| 005 | 20260128095110.0 | ||
| 007 | cr uuu---uuuuu | ||
| 008 | 240722s2024 xx |||||o 00| ||eng c | ||
| 020 | |a 9780198904847 |9 978-0-19-890484-7 | ||
| 024 | 7 | |a 10.1093/oso/9780198904816.001.0001 |2 doi | |
| 035 | |a (DE-627)189598405X | ||
| 035 | |a (DE-599)KEP104988738 | ||
| 035 | |a (UK-OxUP)9780198904847 | ||
| 035 | |a (DE-627-1)104988738 | ||
| 040 | |a DE-627 |b ger |c DE-627 |e rda | ||
| 041 | |a eng | ||
| 082 | 0 | |a 363.325 |2 23 | |
| 084 | |a MD 8920 |q SEPA |2 rvk |0 (DE-625)rvk/122569: | ||
| 100 | 1 | |a Calle, Luis de la |e VerfasserIn |0 (DE-588)1077628943 |0 (DE-627)837310997 |0 (DE-576)262438542 |4 aut | |
| 109 | |a Calle, Luis de la |a Robles, Luis de la Calle |a Calle Robles, Luis de la |a De la Calle Robles, Luis | ||
| 245 | 1 | 0 | |a Underground violence |b on the nature of terrorism |c Luis de la Calle and Ignacio Sánchez-Cuenca |
| 264 | 1 | |a Oxford |a New York |b Oxford University Press |c [2024] | |
| 300 | |a 1 Online-Ressource (viii, 213 Seiten) |b Diagramme | ||
| 336 | |a Text |b txt |2 rdacontent | ||
| 337 | |a Computermedien |b c |2 rdamedia | ||
| 338 | |a Online-Ressource |b cr |2 rdacarrier | ||
| 490 | 0 | |a Oxford scholarship online |a Political Science | |
| 520 | |a Offers a comprehensive conceptual analysis of terrorism, comparing it with competing theories and views on the subject, such as terrorism is killing civilians, or terrorism is a form of violence that relies on the distinction between direct and indirect targets. | ||
| 650 | 0 | |a Terrorism | |
| 650 | 0 | 7 | |0 (DE-588)4059534-1 |0 (DE-627)106143212 |0 (DE-576)209131136 |a Terrorismus |2 gnd |
| 650 | 0 | 7 | |0 (DE-588)4059536-5 |0 (DE-627)106143204 |0 (DE-576)209131144 |a Terrorist |2 gnd |
| 650 | 0 | 7 | |0 (DE-588)4020832-1 |0 (DE-627)10631663X |0 (DE-576)208934979 |a Gewalt |2 gnd |
| 650 | 0 | 7 | |0 (DE-588)4046514-7 |0 (DE-627)104152206 |0 (DE-576)209069945 |a Politik |2 gnd |
| 650 | 0 | 7 | |0 (DE-588)4204973-8 |0 (DE-627)105139254 |0 (DE-576)210165766 |a Konzeption |2 gnd |
| 650 | 0 | 7 | |0 (DE-588)4203217-9 |0 (DE-627)105152595 |0 (DE-576)210153679 |a Operation |g Militär |2 gnd |
| 650 | 0 | 7 | |0 (DE-588)4456601-3 |0 (DE-627)22977816X |0 (DE-576)212628240 |a Geheimunternehmen |2 gnd |
| 650 | 0 | 7 | |0 (DE-588)4184803-2 |0 (DE-627)104261625 |0 (DE-576)210028238 |a Territorium |2 gnd |
| 650 | 4 | |a Society | |
| 650 | 4 | |a Social services & welfare, criminology | |
| 700 | 1 | |a Sánchez-Cuenca, Ignacio |d 1966- |e VerfasserIn |0 (DE-588)1044410809 |0 (DE-627)772025517 |0 (DE-576)18236352X |4 aut | |
| 776 | 1 | |z 9780198904816 | |
| 776 | 0 | 8 | |i Erscheint auch als |n Druck-Ausgabe |a Calle, Luis de la |t Underground violence |d Oxford : Oxford University Press, 2024 |h viii, 213 Seiten |w (DE-627)1890716545 |z 9780198904816 |k Non-Electronic |
| 856 | 4 | 0 | |u https://doi.org/10.1093/oso/9780198904816.001.0001 |m X:OXFORD |x Resolving-System |z lizenzpflichtig |3 Volltext |7 1 |
| 856 | 4 | 2 | |u http://www.gbv.de/dms/bowker/toc/9780198904816.pdf |m DE-601 |q pdf/application |v 2025-10-28 |x Aggregator |3 Inhaltsverzeichnis |7 1 |
| 912 | |a ZDB-28-OSD | ||
| 912 | |a GBV-28-OUP-SBB | ||
| 912 | |a ZDB-28-OST |b 2024 | ||
| 912 | |a ZDB-28-OSD |b 2024 | ||
| 935 | |a mkri | ||
| 936 | r | v | |a MD 8920 |b Terror, Gewalt, Mord |k Politologie |k Politische Theorie, Grundbegriffe des Politischen |k Politische Auseinandersetzung |k Terror, Gewalt, Mord |0 (DE-627)1271426560 |0 (DE-625)rvk/122569: |0 (DE-576)201426560 |
| 951 | |a BO | ||
| ELC | |a 1 | ||
| LOK | |0 000 xxxxxcx a22 zn 4500 | ||
| LOK | |0 001 462967652X | ||
| LOK | |0 003 DE-627 | ||
| LOK | |0 004 189598405X | ||
| LOK | |0 005 20241202110318 | ||
| LOK | |0 008 241202||||||||||||||||ger||||||| | ||
| LOK | |0 040 |a DE-Frei85 |c DE-627 |d DE-Frei85 | ||
| LOK | |0 852 |a DE-Frei85 | ||
| LOK | |0 852 1 |m p |9 00 | ||
| LOK | |0 938 |k p | ||
| LOK | |0 939 |a 02-12-24 |b l01 | ||
| ORI | |a SA-MARC-krimdoka001.raw | ||
| PDA | |a yes | ||
